| 000 | 00470nam a22001577a 4500 | ||
|---|---|---|---|
| 020 | _a8170416876 | ||
| 082 |
_a782 _bDAV/I.2 |
||
| 245 |
_aInternational library of music (v.2: study material): _bfor vocalists/ _cDavid Scull Bispham (ed.); Winton James Baltzell (ed.) |
||
| 260 |
_aNew Delhi: _bAnmol, _c1993. |
||
| 300 | _a384-762p. | ||
| 650 | _aMusic Vocal | ||
| 650 | _aArts | ||
| 700 | _aDavid Scull Bispham (ed.) | ||
| 700 | _aJames Baltzell (ed.) | ||
| 942 | _cBK | ||
| 999 |
_c60621 _d60621 |
||